Complete the Card - WWE No Way Out 2000 - Statistics

General Stats
  • This quiz has been taken 13 times
  • The average score is 22 of 26
Answer Stats
Answer % Correct
Bubba Ray Dudley
100%
Cactus Jack
100%
Chris Jericho
100%
Christian
100%
D-Von Dudley
100%
Edge
100%
Jeff Hardy
100%
Kurt Angle
100%
Matt Hardy
100%
The Big Show
100%
The Rock
100%
Triple H
100%
Chris Benoit
89%
Dean Malenko
89%
Kane
89%
Perry Saturn
89%
Billy Gunn
78%
Grandmaster Sexay
78%
Rikishi
78%
Road Dogg
78%
Scotty 2 Hotty
78%
X-Pac
78%
Mark Henry
56%
Tazz
56%
The Big Boss Man
56%
Viscera
44%
No matching quizzes found
Score Distribution
Percent of People with Each Score
Percentile by Number Answered
Your Score History
You have not taken this quiz